MS WINDOWS SDK verze 3.0 Referenční příručka

Salvato in:
Dettagli Bibliografici
Natura: Libro
Lingua:ceco
Pubblicazione: Slušovice SWS Software 1992
Edizione:1. vyd.
Soggetti:
Tags: Aggiungi Tag
Nessun Tag, puoi essere il primo ad aggiungerne!!

MARC

LEADER 00000nam a2200000 4500
001 c001250
005 20221214090038.3
041 0 |a cze 
044 |a CZ 
245 1 0 |a MS WINDOWS SDK verze 3.0  |b Referenční příručka 
250 |a 1. vyd. 
264 1 |a Slušovice  |b SWS Software  |c 1992 
300 |a S.299-583 
610 2 0 |a Windows 
610 2 0 |a programy počítačové 
610 2 0 |a spracovanie dát 
610 2 0 |a grafika počítačová 
610 2 0 |a spracovanie textov